| 000 | 00931c a2200253 04500 | ||
|---|---|---|---|
| 001 | 45302 | ||
| 090 | _a45302 | ||
| 100 | _a19820517d1982 ma y0pory5003 ba | ||
| 101 | 1 | _apor | |
| 102 | _aPT | ||
| 200 | 1 |
_aA ilha misteriosa _fJúlio Verne _gtrad. Torquato Fernandes _gdes. J. Férat |
|
| 210 | 9 |
_aMem Martins _cPublicações Europa-América, _d[D.L. 1982] |
|
| 215 |
_a3 v. _cil. _d18 cm |
||
| 225 | 2 |
_aLivros de bolso Europa-América _v233, 242, 254 |
|
| 304 | _aTít. orig.: L'ile mystérieuse | ||
| 327 | 1 |
_a1<U+00BA> v. : Os náufragos do ar. - 223 p. _a2<U+00BA> v. : O abandonado. - 206, [1] p. _a3<U+00BA> v. : O segredo da ilha. - 188, [1] p. |
|
| 675 |
_a821.133.1-31"18/19" _vBN _zpor |
||
| 675 |
_a821.133.1-93"18/19" _vBN _zpor |
||
| 675 |
_a087.5 _vBN _zpor |
||
| 700 | 1 |
_aVerne, _bJules, _f1828-1905 |
|
| 702 | 1 |
_aFernandes, _bTorquato, _fca 18-- _4730 |
|
| 702 | 1 |
_aFérat, _bJ., _f1829-1906 _4440 |
|
| 801 | 0 |
_aPT _bBN _gRPC |
|
| 990 | _cLIVROS | ||